| 000 | | | 04793nmc2a2200000 x 450 |
| 001 | | | 70eab2ed-8cea-4592-aa3a-5d409e50ed6f |
| 005 | | | 20171114185801.0 |
| 100 | ## | $a | 20151215l18101817k l0rusy0189 ca |
| 101 | 0# | $a | rus |
| 102 | ## | $a | RU |
| 200 | 1# | $a | Дело об избрании четырёх лекторов в цензурный комитет при Московском университете |
| | $j | 19 августа 1810 г. - 26 сентября 1817 г. |
| 251 | ## | $c | Дело |
| 300 | ## | $a | Дело |
| 300 | ## | $a | Ориг. заголовок дела: Дело по предписанию министра просвещения об избрании четырёх лекторов в цензурный комитет при Императорском Московском университете, а именно: профессоров Двигубского, Черепанова, Цветаева и Котельницкого. Тут же о разделении чтений рукописи на всех ординарных и экстраординарных профессоров университета: по содержанию предмета, к отделению каждого из них относящихся, не распространяя на адъюнктов и магистров. 19 августа 1810 г. - 26 сентября 1817 г |
| 801 | #0 | $a | RU |
| | $b | РГИА |
| | $c | 20151215 |
| | $g | RCR |
| 801 | #1 | $a | RU |
| | $b | ГлавНИВЦ |
| | $c | 20151215 |
| | $2 | rusmarc |
| 801 | #2 | $a | RU |
| | $b | ПБ им. Б.Н. Ельцина |
| | $c | 20171114 |
| | $g | RCR |
| | $2 | rusmarc |
| 850 | ## | $a | РГИА |
| 852 | ## | $a | РГИА |
| | $e | Федеральное казенное учреждение "Российский государственный исторический архив" (РГИА) |
| | $j | 150 |
| 937 | ## | $h | РГИА |
| | $d | 12186659 |
| | $a | ASBIBLIO_SCAN |
| 462 | #0 | $1 | 001a72b6b5a-b506-4d67-873a-f622b4f5e56d |
| | $1 | 2001 |
| | $a | Дела Департамента народного просвещения по цензурной части |
| | $1 | 251 |
| | $c | Опись |
| | $1 | 852 |
| | $j | 118 |
| 461 | #0 | $1 | 001a74412a3-3cc5-4d21-8f0a-dfe2fbd9e72d |
| | $1 | 2001 |
| | $a | Департамент народного просвещения Министерства народного просвещения (1803-1917) |
| | $1 | 251 |
| | $c | Фонд |
| | $1 | 852 |
| | $j | 733 |
| 215 | ## | $a | 10 л. |
| | $d | 36,5х26 см |
| 371 | ## | $a | Документ не является опубликованным и широко распространяемым |
| 517 | 1# | $a | Дело по предписанию министра просвещения об избрании четырёх лекторов в цензурный комитет при Императорском Московском университете, а именно: профессоров Двигубского, Черепанова, Цветаева и Котельницкого. Тут же о разделении чтений рукописи на всех ординарных и экстраординарных профессоров университета: по содержанию предмета, к отделению каждого из них относящихся, не распространяя на адъюнктов и магистров. 19 августа 1810 г. - 26 сентября 1817 г |
| 105 | ## | $a | y### |
| 122 | 2# | $a | d |
| 035 | ## | $a | 70eab2ed-8cea-4592-aa3a-5d409e50ed6f |
| 856 | ## | $u | http://readingroom.main.prlib.ru/item.aspx?id_node=n109004753&mode=full |